少林寺第八銅人
| 資料類型: | 圖書 | 書目號: | 35536 |
Leader xxxxxxxxxx 001 __ PCLIS0001015041 005 __ 20211028151802.0 010 0_ |a986-7494-83-0|b平裝|dNT$199 100 __ |a20051007d2005 m y0chiy09 e 101 0_ |achi 102 __ |atw 105 __ |ay z 000ay 200 1_ |a少林寺第八銅人|f九把刀著 205 __ |a初版 210 __ |a臺北市|c春天出版|a臺北縣五股鄉|c凌域總經銷|d2005[民94] 215 0_ |a295面|d21公分 225 2_ |a九把刀電影院|v3 300 __ |a作者本名柯景騰 681 __ |a857.9|b8656 681 __ |a857.9|b4051 700 _0 |a九把刀|f1978- |4著 801 _0 |atw|b內湖高中|c20051007|gCCR 801 _2 |atw|b內湖高中|c20211028|gCCR |